000 00607nam a2200217Ii 4500
003 JO-AjNU
008 230606s9999||||xx |||||||||||||| ||und||
020 _a0-435-50220-4 / 0-435-50221-2
040 _aJO-AjNU
_beng
_erda
_cJO-AjNU
041 _aeng
050 1 4 _aQA39 1981
100 3 _aCLARKE, L.HARWOOD,
_eauthor
_95855
245 0 0 _aOrdinary Level Mathematics
250 _a6 ed
264 3 1 _aLONDON: HEINEMANN EDUCATIONAL BOOKS, 1981
300 _a554P
336 _atext
_btxt
_2rdacontent
337 _aunmediated
_bn
_2rdamedia
338 _avolume
_bnc
_2rdacarrier
650 4 _aMath
_95856
999 _aE3037
_c3034
_d3034